The book of Revelation / (Record no. 7085)
[ view plain ]
| 000 -LEADER | |
|---|---|
| fixed length control field | 00508cam a2200193 i 4500 |
| 001 - CONTROL NUMBER | |
| control field | 2737219 |
| 005 - DATE AND TIME OF LATEST TRANSACTION | |
| control field | 20250722094939.0 |
| 008 - FIXED-LENGTH DATA ELEMENTS--GENERAL INFORMATION | |
| fixed length control field | 780627r1979 miu 000 0 eng |
| 020 ## - INTERNATIONAL STANDARD BOOK NUMBER | |
| International Standard Book Number | 0802817483 : |
| Terms of availability | $3.95 |
| 020 ## - INTERNATIONAL STANDARD BOOK NUMBER | |
| International Standard Book Number | 9780802817488 |
| 050 00 - LIBRARY OF CONGRESS CALL NUMBER | |
| Classification number | BS2825.3 |
| Item number | .B54 1979 |
| 082 00 - DEWEY DECIMAL CLASSIFICATION NUMBER | |
| Classification number | 228/.07 |
| 100 1# - MAIN ENTRY--PERSONAL NAME | |
| Personal name | Boer, Harry R. |
| 245 14 - TITLE STATEMENT | |
| Title | The book of Revelation / |
| Statement of responsibility, etc. | by Harry R. Boer. |
| 250 ## - EDITION STATEMENT | |
| Edition statement | 1st U.S.A. |
| 260 ## - PUBLICATION, DISTRIBUTION, ETC. | |
| Place of publication, distribution, etc. | Grand Rapids : |
| Name of publisher, distributor, etc. | Eerdmans, |
| Date of publication, distribution, etc. | 1979. |
| 300 ## - PHYSICAL DESCRIPTION | |
| Extent | 157 p. ; |
| Dimensions | 18 cm. |
| 942 ## - ADDED ENTRY ELEMENTS (KOHA) | |
| Source of classification or shelving scheme | Library of Congress Classification |
| Koha item type | Books |
| Suppress in OPAC | No |
| 999 ## - | |
| -- | 7085 |
| -- | 7085 |
| Withdrawn status | Lost status | Source of classification or shelving scheme | Damaged status | Not for loan | Collection | Home library | Current library | Shelving location | Date acquired | Total checkouts | Full call number | Barcode | Date last seen | Copy number | Price effective from | Koha item type |
|---|---|---|---|---|---|---|---|---|---|---|---|---|---|---|---|---|
| Library of Congress Classification | Non-fiction | Undergraduate Library (Christ Temple) | Undergraduate Library (Christ Temple) | General stacks | 07/22/2025 | BS 2825.3 BOE | ulct00004003 | 07/22/2025 | 1 | 07/22/2025 | Books |